[Event "Basel op"]
[Site "Basel"]
[Date "2019.01.03"]
[Round "3"]
[White "Maloberti, David"]
[Black "Wirz, Heinz"]
[Result "1-0"]
[WhiteElo "2112"]
[BlackElo "2099"]
[PlyCount "87"]
[EventDate "2019.01.02"]
[EventType "swiss"]
[EventRounds "7"]
[EventCountry "SUI"]
[SourceTitle "CBM 188 Extra"]
[Source "ChessBase"]
[SourceDate "2019.02.26"]
[SourceVersion "1"]
[SourceVersionDate "2019.02.26"]
[SourceQuality "1"]

1. d4 Nf6 2. c4 g6 3. Nc3 Bg7 4. e4 d6 5. Nf3 0-0 6. Be2 e5 7. 0-0 Nc6 8. d5 Ne7 9. Ne1 Nd7 10. Be3 f5 11. f3 fxe4 12. fxe4 Rxf1+ 13. Bxf1 Nf6 14. Be2 h5 15. c5 Bg4 16. cxd6 cxd6 17. Nf3 Bxf3 18. Bxf3 Kh7 19. Qb3 Bh6 20. Bxh6 Kxh6 21. Qxb7 Rb8 22. Qxa7 Rxb2 23. Rb1 Rxb1+ 24. Nxb1 g5 25. Nc3 Ng6 26. g3 Qc8 27. Qe3 h4 28. a4 hxg3 29. hxg3 Qc4 30. Be2 Qb4 31. Qd3 Nf8 32. Qc4 Qa3 33. Kg2 Qc1 34. Nb5 Qxc4 35. Bxc4 Nxe4 36. a5 Nd7 37. Nc7 Nec5 38. a6 Kg7 39. Kf3 e4+ 40. Ke3 Nb6 41. Be2 Kf6 42. a7 Ncd7 43. a8Q Nxa8 44. Nxa8 1-0

[Event "Basel op"]
[Site "Basel"]
[Date "2016.01.02"]
[Round "3"]
[White "Wirz, Heinz"]
[Black "Shvayger, Yuliya"]
[Result "0-1"]
[WhiteElo "2099"]
[BlackElo "2381"]
[PlyCount "94"]
[EventDate "2016.01.01"]
[EventType "swiss"]
[EventRounds "7"]
[EventCountry "SUI"]
[SourceTitle "CBM 170 Extra"]
[Source "ChessBase"]
[SourceDate "2016.02.25"]
[SourceVersion "1"]
[SourceVersionDate "2016.02.25"]
[SourceQuality "1"]

1. d4 Nf6 2. Nf3 e6 3. c4 d5 4. cxd5 exd5 5. Nc3 c6 6. Bg5 Be7 7. Qc2 0-0 8. e3 Nbd7 9. Bd3 h6 10. Bh4 Re8 11. 0-0 Ne4 12. Bxe7 Qxe7 13. Rab1 b5 14. Ne2 Bb7 15. Ng3 a5 16. Bxe4 dxe4 17. Nd2 c5 18. dxc5 Nxc5 19. Nb3 Nd3 20. Nd4 Rac8 21. Qe2 b4 22. Qg4 Kh8 23. Ndf5 Qe5 24. Nd4 g6 25. Rfd1 h5 26. Qh4 Rcd8 27. Nge2 Rd6 28. Nc1 Nc5 29. Ncb3 Na4 30. Rdc1 Ba6 31. Qg3 Qxg3 32. hxg3 Bd3 33. Ra1 Ra8 34. Rc7 Kg7 35. Nc6 Rd5 36. Nbd4 Nxb2 37. Rc1 Na4 38. Ne6+ Kf6 39. Nf4 Rd6 40. Rd1 Nc3 41. Rd2 Nb5 42. Rb7 Rxc6 43. Nxd3 Nd6 44. Nc5 Nxb7 45. Nxb7 Ke7 46. Rd5 a4 47. Nc5 Ra5 0-1

[Event "Pontresina St Moritz op 1st"]
[Site "Pontresina"]
[Date "2015.02.27"]
[Round "3"]
[White "Wirz, Heinz"]
[Black "Boschetti, Claudio"]
[Result "0-1"]
[WhiteElo "2138"]
[BlackElo "2130"]
[PlyCount "90"]
[EventDate "2015.02.25"]
[EventType "swiss"]
[EventRounds "5"]
[EventCountry "SUI"]
[SourceTitle "CBM 165 Extra"]
[Source "ChessBase"]
[SourceDate "2015.04.21"]
[SourceVersion "1"]
[SourceVersionDate "2015.04.21"]
[SourceQuality "1"]

1. d4 Nf6 2. Nf3 d6 3. c4 Nbd7 4. Nc3 e5 5. e4 c6 6. Be2 Be7 7. 0-0 0-0 8. Re1 Re8 9. b3 a6 10. Bb2 Bf8 11. dxe5 dxe5 12. Qc2 Qc7 13. Rad1 Nc5 14. h3 Ne6 15. Bf1 Nh5 16. Ne2 f6 17. a3 a5 18. Qc3 Qb6 19. Nc1 Nhf4 20. g3 Nh5 21. Kg2 c5 22. Rd5 g6 23. Qe3 Nd4 24. Nxd4 exd4 25. Qf3 Be6 26. Rxh5 gxh5 27. Qxh5 Bf7 28. Qg4+ Bg6 29. f4 f5 30. Qg5 Qc6 31. Kh2 h6 32. Qh4 fxe4 33. Bg2 Kh7 34. g4 Qd6 35. Ne2 e3 36. Ng3 Qxf4 37. Rf1 Qg5 38. Qxg5 hxg5 39. Bxb7 Rab8 40. Bc6 e2 41. Re1 d3 42. Bc1 Re5 43. Nf5 Rxb3 44. Kg2 Rb1 45. Bd2 Rb2 0-1

[Event "Basel op"]
[Site "Basel"]
[Date "2015.01.01"]
[Round "1"]
[White "Wirz, Heinz"]
[Black "Ducarmon, Quinten"]
[Result "0-1"]
[WhiteElo "2138"]
[BlackElo "2488"]
[PlyCount "110"]
[EventDate "2015.01.01"]
[EventType "swiss"]
[EventRounds "7"]
[EventCountry "SUI"]
[SourceTitle "CBM 164 Extra"]
[Source "ChessBase"]
[SourceDate "2015.03.02"]
[SourceVersion "1"]
[SourceVersionDate "2015.03.02"]
[SourceQuality "1"]

1. d4 d5 2. Nf3 Nf6 3. c4 c6 4. cxd5 cxd5 5. Nc3 Nc6 6. Bf4 a6 7. e3 Bg4 8. Be2 e6 9. 0-0 Be7 10. Rc1 0-0 11. h3 Bh5 12. Ne5 Nxe5 13. Bxe5 Bxe2 14. Qxe2 Nd7 15. Bg3 Rc8 16. Rc2 Qa5 17. Rfc1 Nb6 18. f3 Nc4 19. Be1 Qd8 20. Nd1 Qd7 21. Nf2 Bg5 22. f4 Be7 23. Nd3 Bd6 24. Bb4 Bxb4 25. Nxb4 Nd6 26. Rxc8 Rxc8 27. Rxc8+ Qxc8 28. Qd2 h6 29. b3 Ne4 30. Qc2 Qc3 31. Qxc3 Nxc3 32. Kf2 a5 33. Nd3 Nxa2 34. Nc5 b6 35. Nd7 b5 36. Ke1 Nc3 37. Kd2 Ne4+ 38. Kd3 h5 39. Ne5 Kf8 40. Nc6 a4 41. bxa4 bxa4 42. Kc2 h4 43. Ne5 Nd6 44. Nf3 Nf5 45. Kd3 Ke7 46. e4 dxe4+ 47. Kxe4 a3 48. Nd2 a2 49. Nb3 Kd6 50. Na1 Ng3+ 51. Kd3 Nh5 52. Ke3 Kd5 53. f5 exf5 54. Nc2 Kc4 55. d5 Kc3 0-1

[Event "SUI-ch 113th"]
[Site "Graechen"]
[Date "2013.07.16"]
[Round "6"]
[White "Wirz, Heinz"]
[Black "Zahn, Alina"]
[Result "1-0"]
[WhiteElo "2154"]
[BlackElo "1962"]
[PlyCount "51"]
[EventDate "2013.07.11"]
[EventType "swiss"]
[EventRounds "9"]
[EventCountry "SUI"]
[SourceTitle "CBM 155 Extra"]
[Source "ChessBase"]
[SourceDate "2013.08.26"]
[SourceVersion "1"]
[SourceVersionDate "2013.08.26"]
[SourceQuality "1"]

1. d4 d5 2. c4 dxc4 3. Nc3 Nf6 4. Nf3 a6 5. e3 e6 6. Bxc4 b5 7. Bd3 Bb7 8. 0-0 c5 9. dxc5 Bxc5 10. Qe2 Qe7 11. e4 e5 12. Bg5 h6 13. Bh4 0-0 14. Rac1 Rd8 15. Rfd1 Nbd7 16. a3 Nf8 17. Bxf6 Qxf6 18. Nd5 Bxd5 19. exd5 Bd6 20. Qe4 Ng6 21. g3 Qe7 22. Nh4 Nf8 23. Nf5 Qg5 24. Rc6 Bb8 25. h4 Qh5 26. g4 1-0

[Event "Basel Hilton op 15th"]
[Site "Basel"]
[Date "2013.01.03"]
[Round "4"]
[White "Wirz, Heinz"]
[Black "Filipovic, Branko"]
[Result "0-1"]
[WhiteElo "2161"]
[BlackElo "2369"]
[PlyCount "86"]
[EventDate "2013.01.01"]
[EventType "swiss"]
[EventRounds "7"]
[EventCountry "SUI"]
[SourceTitle "CBM 152 Extra"]
[Source "ChessBase"]
[SourceDate "2013.02.25"]
[SourceVersion "1"]
[SourceVersionDate "2013.02.25"]
[SourceQuality "1"]

1. d4 Nf6 2. c4 b6 3. Nc3 Bb7 4. Qc2 d5 5. cxd5 Nxd5 6. e4 Nxc3 7. bxc3 g6 8. Bb5+ Nd7 9. Be3 Bg7 10. f3 0-0 11. Ne2 c6 12. Ba4 Qc7 13. 0-0 b5 14. Bb3 c5 15. Qd2 Rfd8 16. Rac1 Nf6 17. Rfd1 Rac8 18. Qe1 c4 19. Bc2 e6 20. Rb1 Bc6 21. Qf2 h6 22. Bf4 Qe7 23. a4 a6 24. axb5 axb5 25. Be5 Ra8 26. Ra1 Bf8 27. Bxf6 Qxf6 28. e5 Qg5 29. f4 Qe7 30. Ng3 b4 31. cxb4 Rxa1 32. Rxa1 Qxb4 33. Kh1 Qb2 34. Rb1 Qxd4 35. Qf1 c3 36. Rd1 Qb6 37. Rb1 Qc5 38. Ne4 Bxe4 39. Bxe4 Rd2 40. h3 Qd4 41. Re1 c2 42. Kh2 c1Q 43. Rxc1 Qxe4 0-1

[Event "Basel Hilton op 13th"]
[Site "Basel"]
[Date "2011.01.05"]
[Round "7"]
[White "Wirz, Heinz"]
[Black "Lutz, Bernhard"]
[Result "1/2-1/2"]
[WhiteElo "2131"]
[BlackElo "2292"]
[PlyCount "120"]
[EventDate "2011.01.01"]
[EventType "swiss"]
[EventRounds "7"]
[EventCountry "SUI"]
[SourceTitle "EXT 2012"]
[Source "ChessBase"]
[SourceDate "2011.11.24"]
[SourceVersion "1"]
[SourceVersionDate "2011.11.24"]
[SourceQuality "1"]

1. d4 Nf6 2. c4 e6 3. Nf3 b6 4. g3 Bb7 5. Bg2 Be7 6. 0-0 0-0 7. Nc3 Ne4 8. Qc2 Nxc3 9. Qxc3 c5 10. b3 Bf6 11. Bb2 Nc6 12. Qd2 d6 13. Rad1 Qe7 14. dxc5 Bxb2 15. Qxb2 dxc5 16. Rd2 Rad8 17. Rfd1 f6 18. Bh3 Bc8 19. Qc3 Rxd2 20. Rxd2 Rd8 21. Qe3 Rxd2 22. Qxd2 Qd7 23. Qe3 Qd1+ 24. Kg2 Qd6 25. Qe4 Bd7 26. Kg1 Qd1+ 27. Kg2 Qd6 28. Kg1 f5 29. Qe3 Qd1+ 30. Kg2 Nd4 31. Nxd4 Qxd4 32. Qxd4 cxd4 33. f4 Bc6+ 34. Kf2 Be4 35. b4 Kf7 36. e3 Bb1 37. a3 Ba2 38. Bf1 dxe3+ 39. Kxe3 Ke7 40. Bd3 Kd6 41. Kd4 Bb3 42. Be2 Ba2 43. Bf3 Bb3 44. c5+ bxc5+ 45. bxc5+ Kd7 46. Ke5 Bc4 47. Bd1 Ke7 48. Bc2 Kd7 49. Ba4+ Kc7 50. h3 a5 51. Be8 Bb3 52. g4 fxg4 53. hxg4 Bd1 54. g5 Bg4 55. c6 h5 56. gxh6 gxh6 57. Kf6 Kd6 58. Kg6 h5 59. Kg5 Bf3 60. Bxh5 Bxc6 1/2-1/2

[Event "Basel Hilton op 12th"]
[Site "Basel"]
[Date "2010.01.02"]
[Round "3"]
[White "Wirz, Heinz"]
[Black "Milliet, Sophie"]
[Result "0-1"]
[WhiteElo "2110"]
[BlackElo "2404"]
[PlyCount "50"]
[EventDate "2010.01.01"]
[EventType "swiss"]
[EventRounds "7"]
[EventCountry "SUI"]
[SourceTitle "CBM 134 Extra"]
[Source "ChessBase"]
[SourceDate "2010.03.03"]
[SourceVersion "1"]
[SourceVersionDate "2010.03.03"]
[SourceQuality "1"]

1. d4 Nf6 2. Nf3 e6 3. c4 c5 4. d5 b5 5. dxe6 fxe6 6. cxb5 d5 7. e3 Be7 8. Be2 0-0 9. 0-0 a6 10. Nbd2 c4 11. bxa6 Bxa6 12. Nd4 Qb6 13. N2f3 Ne4 14. Nd2 Nc5 15. f4 Nbd7 16. N2f3 Bf6 17. g4 g6 18. h4 e5 19. fxe5 Nxe5 20. Nxe5 Bxe5 21. Nf3 Qd6 22. Kg2 Bg7 23. Qc2 Ne4 24. Bd1 Qg3+ 25. Kh1 c3 0-1

[Event "Basel Hilton op 12th"]
[Site "Basel"]
[Date "2010.01.01"]
[Round "1"]
[White "Wirz, Heinz"]
[Black "Meijers, Viesturs"]
[Result "0-1"]
[WhiteElo "2110"]
[BlackElo "2470"]
[PlyCount "56"]
[EventDate "2010.01.01"]
[EventType "swiss"]
[EventRounds "7"]
[EventCountry "SUI"]
[SourceTitle "CBM 134 Extra"]
[Source "ChessBase"]
[SourceDate "2010.03.03"]
[SourceVersion "1"]
[SourceVersionDate "2010.03.03"]
[SourceQuality "1"]

1. d4 Nf6 2. c4 e6 3. Nf3 Bb4+ 4. Bd2 a5 5. g3 d5 6. cxd5 exd5 7. Bg2 0-0 8. 0-0 Ne4 9. Bxb4 axb4 10. Nbd2 Nf6 11. Ne5 Qd6 12. Qb3 Na6 13. e3 c5 14. Rfd1 Bf5 15. e4 dxe4 16. Ndc4 Qc7 17. d5 b5 18. d6 bxc4 19. Qxc4 Qb6 20. f3 Be6 21. Qe2 c4+ 22. Kh1 Qc5 23. f4 Rfd8 24. Bxe4 Nxe4 25. Qxe4 f5 26. Qb7 c3 27. bxc3 bxc3 28. Rac1 Nb4 0-1